00509 a2200169 4500001000700000020002200007040003500029100001700064240004300081245003800124300000800162362000900170697002400179942000700203952011000210999001900320157353 a978-85-96-02184-5 cEscola São Tomás de Aquino aCARR, Stella10aOs criminosos vieram para o chálpor10aOs criminosos vieram para o chá a1190 a2019 a*LITERATURA JUVENIL cBK 00104070a12.22b12.22d2024-04-30l0o028.54 CAR CRIpEST00012244r2024-04-30 22:14:49w2024-04-30yBK c157353d157353